00000000nam##2200000za#4500
0019.615715
003CaOODSP
00520210615101244
007ta
008150406|2001||||xxc|||||     f|0| 0 eng|d
020 |a0-662-30858-1
040 |aCaOODSP|beng
043 |an-cn---
0861 |aNH18-24/25E
1102 |aCanada Mortgage and Housing Corporation.
24510|aCarbon monoxide
260 |aOttawa - Ontario : |bCanada Mortgage and Housing Corporation |c2001.
300 |a4p. ; |c28 cm.
4901 |aAbout your house |vCE25
563 |aPamphlet
590 |a01-29|b2001-07-20
77508|tLe monoxide de carbone |w(CaOODSP)9.625741
7760#|tCarbon monoxide |w(CaOODSP)9.571799
830#0|aAbout your house ;|vCE25|w(CaOODSP)9.514828